Road map for APEC and WTO: business priorities and policy leadership
保存先:
| 団体著者: | |
|---|---|
| フォーマット: | 図書 |
| 言語: | 英語 |
| 出版事項: |
Seúl
Orom
1996
|
| シリーズ: | Trade Policy: Forum 9
|
| 主題: | |
| タグ: |
タグ追加
タグなし, このレコードへの初めてのタグを付けませんか!
|
MARC
| LEADER | 00000nam a2200000 a 4500 | ||
|---|---|---|---|
| 001 | UCQ4971 | ||
| 003 | CL-VaPUC | ||
| 008 | 980921e19960000KO |||||||||||||||||eng|d | ||
| 082 | 0 | 4 | |a 382 |b PAC |2 21 |
| 110 | 2 | |a Pacific Economic Cooperation Council |e author |9 419093 | |
| 245 | 1 | 0 | |a Road map for APEC and WTO: business priorities and policy leadership |
| 300 | |a 54 p | ||
| 942 | |c BK | ||
| 945 | |d 19980921 00:00:00 |a mvenant | ||
| 260 | |a Seúl |b Orom |c 1996 | ||
| 600 | 0 | 7 | |a APEC |2 CL-VaPUC |9 371800 |
| 600 | 0 | 7 | |a WORLD TRADE ORGANIZATION |2 CL-VaPUC |9 419094 |
| 650 | 0 | |a Economía internacional |9 258254 | |
| 650 | 0 | |a Relaciones Internacionales |9 255740 | |
| 650 | 0 | |a Integración económica |9 255024 | |
| 650 | 7 | |a RELACIONES COMERCIALES |2 CL-VaPUC |9 322074 | |
| 650 | 0 | |a Cooperación internacional |9 255447 | |
| 650 | 7 | |a COMERCIO INTERNACIONAL |2 CL-VaPUC |9 419095 | |
| 583 | |a last modification |c 19980921 00:00:00 |k Rodrigo Vera | ||
| 490 | 0 | |a Trade Policy: Forum 9 | |
| 999 | |c 275247 |d 275245 | ||
| 952 | |0 0 |1 0 |4 0 |6 382_000000000000000_PAC_1996 |7 0 |8 A |9 311876 |a BIBGIM |b BIBGIM |d 2019-11-20 |i 3463303 |o 382 PAC 1996 |p 3463303 |r 2025-01-15 |w 2019-11-20 |y BK |k ORI | ||